| 000 | 00444nam a22001577a 4500 | ||
|---|---|---|---|
| 005 | 20250522014201.0 | ||
| 008 | 250522b |||||||| |||| 00| 0 eng d | ||
| 020 | _a9789556592740 | ||
| 082 |
_222 _a301 _bILA |
||
| 100 | _aShanmugalingum. K | ||
| 245 | _aIlankaiyin Inavaraiyalum Manitaviyalum | ||
| 260 |
_aColombo - Chennai _bKumaran Book House _c2011 |
||
| 300 | _a139 p ., | ||
| 500 | _aEthnography and Anthropology of Sri Lanka | ||
| 942 | _cL | ||
| 999 |
_c6053 _d6053 |
||